[Event "RUS Cup op"]
[Site "Dombai"]
[Date "2013.10.26"]
[Round "9"]
[White "Savchenko, Boris"]
[Black "Lastin, Alexander"]
[Result "0-1"]
[WhiteElo "2602"]
[BlackElo "2504"]
[PlyCount "78"]
[EventDate "2013.10.18"]
[EventType "swiss"]
[EventRounds "9"]
[EventCountry "RUS"]
[SourceTitle "EXT 2015"]
[Source "ChessBase"]
[SourceDate "2014.11.20"]
[SourceVersion "1"]
[SourceVersionDate "2014.11.20"]
[SourceQuality "1"]

1. d4 Nf6 2. c4 e6 3. Nf3 b6 4. g3 Ba6 5. b3 Bb4+ 6. Bd2 Be7 7. Bg2 c6 8. Qc2 d5 9. Ne5 0-0 10. Bc3 Nfd7 11. Nxd7 Nxd7 12. Nd2 Rc8 13. 0-0 Nf6 14. Rfd1 c5 15. dxc5 Bxc5 16. Ne4 Nxe4 17. Bxe4 f5 18. Bf3 f4 19. Kg2 Qg5 20. Qb2 Bb7 21. h4 Qg6 22. Bd4 fxg3 23. fxg3 Rf5 24. Bxc5 bxc5 25. b4 cxb4 26. Qxb4 Ba8 27. Rac1 Rcf8 28. c5 e5 29. Kh2 Bc6 30. Rf1 h6 31. Qb3 Kh8 32. Bg2 Rf2 33. Kg1 Qf6 34. Kh2 d4 35. Rxf2 Qxf2 36. Rg1 Qxe2 37. Qe6 Be4 38. c6 Rf2 39. Qh3 Qc2 0-1

[Event "RUS Cup op"]
[Site "Dombai"]
[Date "2013.10.24"]
[Round "7"]
[White "Lastin, Alexander"]
[Black "Kovalenko, Igor"]
[Result "1/2-1/2"]
[WhiteElo "2504"]
[BlackElo "2643"]
[PlyCount "71"]
[EventDate "2013.10.18"]
[EventType "swiss"]
[EventRounds "9"]
[EventCountry "RUS"]
[SourceTitle "EXT 2015"]
[Source "ChessBase"]
[SourceDate "2014.11.20"]
[SourceVersion "1"]
[SourceVersionDate "2014.11.20"]
[SourceQuality "1"]

1. d4 d5 2. c4 c6 3. Nf3 Nf6 4. Nc3 dxc4 5. a4 Bf5 6. Ne5 Nbd7 7. Nxc4 Nb6 8. Ne5 a5 9. g3 e6 10. Bg2 Bb4 11. 0-0 0-0 12. e3 h6 13. Qe2 Bh7 14. Rd1 Nbd7 15. Nd3 Qb6 16. Bd2 Rfd8 17. Be1 Bxd3 18. Qxd3 e5 19. Qf5 exd4 20. exd4 Re8 21. Rac1 Rad8 22. h3 Re7 23. Bd2 Qxd4 24. Bxh6 Qe5 25. Qxe5 Rxe5 26. Bf4 Ree8 27. Na2 Bf8 28. Bc7 Ra8 29. Nc3 Rec8 30. Bf4 Nc5 31. Bf1 Nfd7 32. Bc4 Nb6 33. Ba2 Re8 34. Rd4 Ne6 35. Re4 Nc5 36. Rd4 1/2-1/2

[Event "RUS Cup op"]
[Site "Dombai"]
[Date "2013.10.21"]
[Round "4"]
[White "Lastin, Alexander"]
[Black "Gabrielian, Artur"]
[Result "1/2-1/2"]
[WhiteElo "2504"]
[BlackElo "2545"]
[PlyCount "80"]
[EventDate "2013.10.18"]
[EventType "swiss"]
[EventRounds "9"]
[EventCountry "RUS"]
[SourceTitle "EXT 2015"]
[Source "ChessBase"]
[SourceDate "2014.11.20"]
[SourceVersion "1"]
[SourceVersionDate "2014.11.20"]
[SourceQuality "1"]

1. d4 Nf6 2. c4 g6 3. Nc3 d5 4. cxd5 Nxd5 5. e4 Nxc3 6. bxc3 Bg7 7. Be3 c5 8. Rc1 Qa5 9. Qd2 0-0 10. Nf3 Nd7 11. Bd3 b5 12. 0-0 c4 13. Bb1 Bb7 14. d5 Nf6 15. Nd4 Rad8 16. Bh6 Qb6 17. Bxg7 Kxg7 18. Qg5 Kh8 19. Rfe1 b4 20. Nf3 bxc3 21. Rxc3 Ba6 22. h3 Qa5 23. Qe3 Rb8 24. Ra3 Qb6 25. Qh6 Ng8 26. Qd2 Bb5 27. Qc3+ Nf6 28. d6 Kg7 29. dxe7 Rfe8 30. Ne5 Rbc8 31. Ng4 Rxe7 32. Ra5 Re6 33. a4 Be8 34. Bc2 Rd8 35. Ne3 Qd4 36. Qxd4 Rxd4 37. Rxa7 Nxe4 38. Bxe4 Rdxe4 39. Rc1 c3 40. Rxc3 Rxa4 1/2-1/2

[Event "RUS Cup op"]
[Site "Dombai"]
[Date "2013.10.18"]
[Round "1"]
[White "Lastin, Alexander"]
[Black "Abdurzukov, Khasbulat"]
[Result "1-0"]
[WhiteElo "2504"]
[BlackElo "1976"]
[PlyCount "57"]
[EventDate "2013.10.18"]
[EventType "swiss"]
[EventRounds "9"]
[EventCountry "RUS"]
[SourceTitle "EXT 2015"]
[Source "ChessBase"]
[SourceDate "2014.11.20"]
[SourceVersion "1"]
[SourceVersionDate "2014.11.20"]
[SourceQuality "1"]

1. d4 Nf6 2. c4 e6 3. Nf3 d5 4. g3 Be7 5. Bg2 0-0 6. 0-0 c6 7. Nbd2 Na6 8. a3 b6 9. e4 dxe4 10. Ne5 Bb7 11. Nxe4 Nxe4 12. Bxe4 Qc7 13. Bf4 Bd6 14. b4 f6 15. Qh5 g5 16. Nd7 Qxd7 17. Bxd6 Rf7 18. c5 Rg7 19. f4 f5 20. Bc2 g4 21. Bb3 Qf7 22. Qxf7+ Kxf7 23. Rfe1 Rg6 24. Re5 Rf6 25. Rae1 Re8 26. cxb6 axb6 27. b5 cxb5 28. Rxb5 Bc8 29. Bc4 1-0

[Event "Doroshkevich Memorial op"]
[Site "Sochi"]
[Date "2012.12.01"]
[Round "6"]
[White "Tunik, Gennady"]
[Black "Lastin, Alexander"]
[Result "1/2-1/2"]
[WhiteElo "2442"]
[BlackElo "2530"]
[PlyCount "94"]
[EventDate "2012.11.26"]
[EventType "swiss"]
[EventRounds "9"]
[EventCountry "RUS"]
[SourceTitle "EXT 2014"]
[Source "ChessBase"]
[SourceDate "2013.11.20"]
[SourceVersion "1"]
[SourceVersionDate "2013.11.20"]
[SourceQuality "1"]

1. d4 d5 2. c4 c6 3. Nf3 Nf6 4. e3 Bf5 5. Nc3 e6 6. Nh4 Be4 7. f3 Bg6 8. Qb3 Qc7 9. Bd2 Be7 10. Nxg6 hxg6 11. Rc1 Nbd7 12. cxd5 exd5 13. g3 Rd8 14. Bd3 Nb6 15. Ne2 Qd7 16. Kf2 0-0 17. Kg2 Rfe8 18. Qc2 Bf8 19. b3 Ba3 20. Rce1 Qe7 21. Nc3 Bb4 22. Nd1 a5 23. Nf2 Bxd2 24. Qxd2 Qa3 25. Re2 Re7 26. Rc1 Nfd7 27. Bb1 a4 28. Rc3 axb3 29. axb3 Nc8 30. Qa2 Qb4 31. Rd3 Nd6 32. Qd2 Qb6 33. Rc3 Rde8 34. h4 Nb5 35. Rd3 Nf6 36. Nh3 Nd6 37. Rc3 Qb4 38. Kf2 Nb5 39. Rd3 Qa3 40. Nf4 Ra8 41. Re1 Ree8 42. Qc1 Qd6 43. Rd2 Ra3 44. Rb2 b6 45. Bd3 Na7 46. Rb1 Ra8 47. b4 Nc8 1/2-1/2

[Event "Doroshkevich Memorial op"]
[Site "Sochi"]
[Date "2012.11.28"]
[Round "3"]
[White "Lastin, Alexander"]
[Black "Lugovskoy, Maxim"]
[Result "1/2-1/2"]
[WhiteElo "2530"]
[BlackElo "2395"]
[PlyCount "36"]
[EventDate "2012.11.26"]
[EventType "swiss"]
[EventRounds "9"]
[EventCountry "RUS"]
[SourceTitle "EXT 2014"]
[Source "ChessBase"]
[SourceDate "2013.11.20"]
[SourceVersion "1"]
[SourceVersionDate "2013.11.20"]
[SourceQuality "1"]

1. d4 d5 2. c4 e6 3. Nf3 Nf6 4. Nc3 Be7 5. Bf4 0-0 6. e3 b6 7. Rc1 Bb7 8. cxd5 Nxd5 9. Nxd5 Qxd5 10. a3 Bd6 11. Bg3 Nd7 12. Qa4 Nf6 13. Ba6 Bxa6 14. Qxa6 Bxg3 15. hxg3 c5 16. dxc5 Rfc8 17. b4 bxc5 18. 0-0 Ne4 1/2-1/2

[Event "Doroshkevich Memorial op"]
[Site "Sochi"]
[Date "2012.11.26"]
[Round "1"]
[White "Lastin, Alexander"]
[Black "Prokhorko, Mikhail"]
[Result "1-0"]
[WhiteElo "2530"]
[BlackElo "2087"]
[PlyCount "55"]
[EventDate "2012.11.26"]
[EventType "swiss"]
[EventRounds "9"]
[EventCountry "RUS"]
[SourceTitle "EXT 2014"]
[Source "ChessBase"]
[SourceDate "2013.11.20"]
[SourceVersion "1"]
[SourceVersionDate "2013.11.20"]
[SourceQuality "1"]

1. d4 c6 2. c4 Qc7 3. Nc3 d6 4. e4 e5 5. Nf3 Bg4 6. Be3 Nd7 7. h3 Bxf3 8. Qxf3 Ngf6 9. 0-0-0 a6 10. g4 h6 11. h4 b5 12. Bh3 Qa5 13. Kb1 bxc4 14. g5 Rb8 15. Ka1 exd4 16. Bxd4 c5 17. Bxf6 gxf6 18. Bxd7+ Kxd7 19. gxf6 h5 20. e5 Qb4 21. Rd2 Rg8 22. Qxh5 Rg6 23. Qf5+ Kc6 24. Qe4+ Kd7 25. e6+ Kd8 26. e7+ Bxe7 27. Qxe7+ Kc8 28. Qe8+ 1-0

[Event "Belorechensk Sarkisov Memorial op"]
[Site "Belorechensk"]
[Date "2012.05.25"]
[Round "3"]
[White "Lastin, Alexander"]
[Black "Petrov, Nikita"]
[Result "1/2-1/2"]
[WhiteElo "2538"]
[BlackElo "2176"]
[PlyCount "31"]
[EventDate "2012.05.23"]
[EventType "swiss"]
[EventRounds "9"]
[EventCountry "RUS"]
[SourceTitle "CBM 148 Extra"]
[Source "ChessBase"]
[SourceDate "2012.06.22"]
[SourceVersion "1"]
[SourceVersionDate "2012.06.22"]
[SourceQuality "1"]

1. Nf3 Nf6 2. c4 c5 3. Nc3 e6 4. g3 b6 5. Bg2 Bb7 6. 0-0 Be7 7. Re1 d6 8. e4 a6 9. d4 cxd4 10. Nxd4 Qc7 11. Be3 Nbd7 12. Rc1 0-0 13. f4 Rfe8 14. g4 Nc5 15. Bf2 g6 16. b4 1/2-1/2

[Event "Moscow op-A"]
[Site "Moscow"]
[Date "2012.02.05"]
[Round "9"]
[White "Lastin, Alexander"]
[Black "Maletin, Pavel"]
[Result "1/2-1/2"]
[WhiteElo "2538"]
[BlackElo "2575"]
[PlyCount "69"]
[EventDate "2012.01.28"]
[EventType "swiss"]
[EventRounds "9"]
[EventCountry "RUS"]
[SourceTitle "CBM 146 Extra"]
[Source "ChessBase"]
[SourceDate "2012.02.29"]
[SourceVersion "1"]
[SourceVersionDate "2012.02.29"]
[SourceQuality "1"]

1. Nf3 Nf6 2. c4 e6 3. Nc3 d5 4. d4 c6 5. e3 Nbd7 6. Bd3 dxc4 7. Bxc4 b5 8. Bd3 Bd6 9. 0-0 0-0 10. Qc2 Bb7 11. a3 a5 12. e4 e5 13. dxe5 Nxe5 14. Nxe5 Bxe5 15. h3 Ba6 16. Rb1 b4 17. Bxa6 bxc3 18. Be2 cxb2 19. Bxb2 Bxb2 20. Rxb2 Qe7 21. Rb3 Qxe4 22. Qxe4 Nxe4 23. Rc1 Rab8 24. Rxb8 Rxb8 25. Rxc6 Rb1+ 26. Kh2 Kf8 27. Ra6 Rb2 28. Bf3 Nd2 29. Bd5 Nf1+ 30. Kg1 Rb1 31. Rxa5 Nd2+ 32. Kh2 Nf1+ 33. Kg1 Nd2+ 34. Kh2 Nf1+ 35. Kg1 1/2-1/2

[Event "Moscow op-A"]
[Site "Moscow"]
[Date "2012.02.02"]
[Round "6"]
[White "Aleksandrov, Aleksej"]
[Black "Lastin, Alexander"]
[Result "0-1"]
[WhiteElo "2612"]
[BlackElo "2538"]
[PlyCount "66"]
[EventDate "2012.01.28"]
[EventType "swiss"]
[EventRounds "9"]
[EventCountry "RUS"]
[SourceTitle "CBM 146 Extra"]
[Source "ChessBase"]
[SourceDate "2012.02.29"]
[SourceVersion "1"]
[SourceVersionDate "2012.02.29"]
[SourceQuality "1"]

1. d4 d5 2. c4 c6 3. Nc3 Nf6 4. e3 e6 5. Nf3 Nbd7 6. Qc2 Bd6 7. g4 h6 8. h3 e5 9. Bd2 0-0 10. cxd5 cxd5 11. Nb5 Bb8 12. Rc1 Ne4 13. Bb4 Re8 14. Bg2 Qb6 15. Qa4 a6 16. Nc3 Nxc3 17. bxc3 e4 18. Nd2 Qg6 19. Qb3 Nf6 20. c4 Be6 21. Ba3 h5 22. Qxb7 Ra7 23. Qb1 hxg4 24. cxd5 gxh3 25. Bf1 Bxd5 26. Rxh3 Ng4 27. Rc5 Qf6 28. f4 Bxf4 29. exf4 Qxd4 30. Be2 Qg1+ 31. Bf1 Rd7 32. Qc2 Qf2+ 33. Kd1 Bb3 0-1

[Event "Moscow op-A"]
[Site "Moscow"]
[Date "2012.02.01"]
[Round "5"]
[White "Lastin, Alexander"]
[Black "Timofeev, Artyom"]
[Result "1-0"]
[WhiteElo "2538"]
[BlackElo "2659"]
[PlyCount "79"]
[EventDate "2012.01.28"]
[EventType "swiss"]
[EventRounds "9"]
[EventCountry "RUS"]
[SourceTitle "CBM 146 Extra"]
[Source "ChessBase"]
[SourceDate "2012.02.29"]
[SourceVersion "1"]
[SourceVersionDate "2012.02.29"]
[SourceQuality "1"]

1. e4 c5 2. Nf3 e6 3. d4 cxd4 4. Nxd4 Nc6 5. Nc3 Qc7 6. Be2 Nf6 7. Be3 b6 8. 0-0 Nxd4 9. Bxd4 e5 10. Be3 Bb7 11. Bd3 Bb4 12. Nb5 Qc6 13. a3 Bc5 14. Bxc5 Qxc5 15. b4 Qc6 16. f4 d6 17. Nxd6+ Qxd6 18. Bb5+ Ke7 19. Qxd6+ Kxd6 20. Rad1+ Ke6 21. Bc4+ Ke7 22. fxe5 Rac8 23. exf6+ gxf6 24. Bb3 Rhg8 25. Rf4 Rg5 26. Rdf1 Rcg8 27. g3 R8g6 28. Kf2 Rh5 29. h4 Re5 30. Re1 Rg8 31. Bc4 Bc8 32. Re3 f5 33. Ref3 Rd8 34. Bd3 fxe4 35. Rxf7+ Kd6 36. Bxe4 Rxe4 37. Rd3+ Ke6 38. Rxd8 Kxf7 39. Rxc8 h5 40. Kf3 1-0

[Event "Moscow op-A"]
[Site "Moscow"]
[Date "2012.01.30"]
[Round "3"]
[White "Lastin, Alexander"]
[Black "Aldokhin, Ivan"]
[Result "1-0"]
[WhiteElo "2538"]
[BlackElo "2376"]
[PlyCount "73"]
[EventDate "2012.01.28"]
[EventType "swiss"]
[EventRounds "9"]
[EventCountry "RUS"]
[SourceTitle "CBM 146 Extra"]
[Source "ChessBase"]
[SourceDate "2012.02.29"]
[SourceVersion "1"]
[SourceVersionDate "2012.02.29"]
[SourceQuality "1"]

1. e4 c5 2. Nf3 e6 3. d4 cxd4 4. Nxd4 Nc6 5. Nc3 Qc7 6. Be2 Nf6 7. Be3 a6 8. 0-0 Be7 9. f4 d6 10. a4 0-0 11. Kh1 Re8 12. Bf3 Rb8 13. Qe1 Bf8 14. Qf2 e5 15. Nde2 b5 16. axb5 axb5 17. f5 Nb4 18. Bg5 Be7 19. Ng3 Qc5 20. Qd2 h6 21. Bxh6 gxh6 22. Qxh6 Nh7 23. Bh5 Bg5 24. Bxf7+ Kh8 25. Qg6 Bd7 26. f6 Rg8 27. Bxg8 Rxg8 28. Ra8 Bc8 29. Qf7 Qc4 30. Qe7 Bh6 31. Ra7 Nf8 32. f7 Rg6 33. Rc7 Qe6 34. Nf5 Rf6 35. Qd8 Ba6 36. Rd1 d5 37. Nxh6 1-0

[Event "Moscow op-A"]
[Site "Moscow"]
[Date "2012.01.29"]
[Round "2"]
[White "Nikologorskiy, Konstantin"]
[Black "Lastin, Alexander"]
[Result "1/2-1/2"]
[WhiteElo "2353"]
[BlackElo "2538"]
[PlyCount "42"]
[EventDate "2012.01.28"]
[EventType "swiss"]
[EventRounds "9"]
[EventCountry "RUS"]
[SourceTitle "CBM 146 Extra"]
[Source "ChessBase"]
[SourceDate "2012.02.29"]
[SourceVersion "1"]
[SourceVersionDate "2012.02.29"]
[SourceQuality "1"]

1. c4 c6 2. Nf3 d5 3. d4 Nf6 4. b3 Bf5 5. Bb2 Bxb1 6. Qxb1 e5 7. a3 e4 8. Nd2 Bd6 9. e3 Qe7 10. Be2 h5 11. h3 Nbd7 12. b4 dxc4 13. Nxc4 Bc7 14. 0-0 0-0 15. Qc2 h4 16. a4 a6 17. Rfc1 Nb6 18. Ne5 Nbd7 19. Nc4 Nb6 20. Ne5 Nbd7 21. Nc4 Nb6 1/2-1/2

[Event "Samara Polugaevsky Memorial 1st"]
[Site "Samara"]
[Date "2011.07.10"]
[Round "6"]
[White "Lastin, Alexander"]
[Black "Dzhumaev, Marat"]
[Result "1-0"]
[WhiteElo "2611"]
[BlackElo "2481"]
[PlyCount "45"]
[EventDate "2011.07.05"]
[EventType "swiss"]
[EventRounds "9"]
[EventCountry "RUS"]
[SourceTitle "CBM 143 Extra"]
[Source "ChessBase"]
[SourceDate "2011.08.29"]
[SourceVersion "1"]
[SourceVersionDate "2011.08.29"]
[SourceQuality "1"]

1. e4 c5 2. Nf3 d6 3. d4 cxd4 4. Nxd4 Nf6 5. Nc3 e6 6. g4 e5 7. Nf5 Nc6 8. Bg2 Nxg4 9. Qxg4 g6 10. Be3 h5 11. Qf3 gxf5 12. exf5 Bh6 13. 0-0-0 Nd4 14. Rxd4 exd4 15. Bxh6 Rxh6 16. Qf4 Rh7 17. Nd5 Kf8 18. Be4 Rh8 19. Rg1 Ke8 20. Bd3 a6 21. Qxd4 f6 22. Nxf6+ Kf8 23. Nd7+ 1-0

[Event "RUS-ch Higher League 64th"]
[Site "Taganrog"]
[Date "2011.06.22"]
[Round "7"]
[White "Diu, Viacheslav"]
[Black "Lastin, Alexander"]
[Result "1/2-1/2"]
[WhiteElo "2475"]
[BlackElo "2617"]
[PlyCount "69"]
[EventDate "2011.06.15"]
[EventType "swiss"]
[EventRounds "11"]
[EventCountry "RUS"]
[SourceTitle "CBM 143"]
[Source "ChessBase"]
[SourceDate "2011.07.15"]
[SourceVersion "1"]
[SourceVersionDate "2011.07.15"]
[SourceQuality "1"]

1. e4 c5 2. Nf3 d6 3. d4 cxd4 4. Nxd4 Nf6 5. Nc3 a6 6. Bg5 Nbd7 7. Bc4 Qb6 8. Bb3 e6 9. Qd2 Be7 10. 0-0-0 Nc5 11. Rhe1 h6 12. Bh4 0-0 13. g3 Qc7 14. f4 b5 15. e5 dxe5 16. fxe5 Ne8 17. Bxe7 Qxe7 18. Ne4 Nxe4 19. Rxe4 Bb7 20. Rg4 Kh8 21. Rf1 Rd8 22. c3 Bd5 23. Bc2 Bc4 24. Rh4 f5 25. exf6 Nxf6 26. Re1 Qd6 27. Rxh6+ gxh6 28. Qxh6+ Kg8 29. Qg6+ Kh8 30. Qh6+ Kg8 31. Qg5+ Kh8 32. Qh4+ Kg8 33. Qg5+ Kh8 34. Qh4+ Kg8 35. Qg5+ 1/2-1/2

[Event "RUS-ch Higher League 64th"]
[Site "Taganrog"]
[Date "2011.06.19"]
[Round "5"]
[White "Lastin, Alexander"]
[Black "Evdokimov, Alexander A"]
[Result "1/2-1/2"]
[WhiteElo "2617"]
[BlackElo "2561"]
[PlyCount "56"]
[EventDate "2011.06.15"]
[EventType "swiss"]
[EventRounds "11"]
[EventCountry "RUS"]
[SourceTitle "CBM 143"]
[Source "ChessBase"]
[SourceDate "2011.07.15"]
[SourceVersion "1"]
[SourceVersionDate "2011.07.15"]
[SourceQuality "1"]

1. e4 c5 2. Nf3 Nc6 3. d4 cxd4 4. Nxd4 g6 5. Nc3 Bg7 6. Be3 Nf6 7. Bc4 0-0 8. Bb3 d6 9. f3 Bd7 10. Qd2 Nxd4 11. Bxd4 b5 12. a4 b4 13. Nd5 Nxd5 14. exd5 Bxd4 15. Qxd4 Qa5 16. h4 e5 17. dxe6 Bxe6 18. 0-0-0 Rfe8 19. Bxe6 Rxe6 20. Qd5 Qxd5 21. Rxd5 Rc8 22. Kd2 Rce8 23. Kd1 h5 24. Rd4 Re2 25. Rd2 R2e6 26. Rd4 Re2 27. Rd2 R2e6 28. Rd4 Re2 1/2-1/2

[Event "RUS-ch Higher League 64th"]
[Site "Taganrog"]
[Date "2011.06.15"]
[Round "1"]
[White "Lastin, Alexander"]
[Black "Shukh, Nikolai"]
[Result "1/2-1/2"]
[WhiteElo "2617"]
[BlackElo "2438"]
[PlyCount "72"]
[EventDate "2011.06.15"]
[EventType "swiss"]
[EventRounds "11"]
[EventCountry "RUS"]
[SourceTitle "CBM 143"]
[Source "ChessBase"]
[SourceDate "2011.07.15"]
[SourceVersion "1"]
[SourceVersionDate "2011.07.15"]
[SourceQuality "1"]

1. e4 e5 2. Nf3 Nc6 3. Bb5 a6 4. Ba4 Nf6 5. 0-0 Be7 6. d3 b5 7. Bb3 0-0 8. Nbd2 d6 9. c3 Be6 10. d4 Bxb3 11. Qxb3 exd4 12. cxd4 d5 13. e5 Ne4 14. Re1 f5 15. a4 Bb4 16. axb5 Nxd2 17. Bxd2 Bxd2 18. Nxd2 Nxd4 19. Qd3 Nxb5 20. Nb3 c6 21. Rac1 Qe8 22. f4 a5 23. e6 a4 24. Nc5 Rf6 25. Qe3 a3 26. Nd7 Rg6 27. bxa3 Rxa3 28. Qe5 Ra2 29. g3 Rh6 30. e7 Rhxh2 31. Qe6+ Kh8 32. Qxf5 Rag2+ 33. Kf1 Rf2+ 34. Kg1 Rhg2+ 35. Kh1 Rh2+ 36. Kg1 Rfg2+ 1/2-1/2

[Event "UKR-chT Clubs"]
[Site "Alushta"]
[Date "2011.05.16"]
[Round "4.2"]
[White "Lastin, Alexander"]
[Black "Zheleznov, Valentin"]
[Result "1-0"]
[WhiteElo "2617"]
[BlackElo "2283"]
[PlyCount "83"]
[EventDate "2011.05.13"]
[EventType "team-tourn"]
[EventRounds "9"]
[EventCountry "UKR"]
[SourceTitle "CBM 142 Extra"]
[Source "ChessBase"]
[SourceDate "2011.06.27"]
[SourceVersion "1"]
[SourceVersionDate "2011.06.27"]
[SourceQuality "1"]
[WhiteTeam "Chernigov DAN"]
[BlackTeam "Nikopol Nika-NZF"]
[WhiteTeamCountry "UKR"]
[BlackTeamCountry "UKR"]

1. e4 e5 2. Nf3 Nc6 3. Bb5 a6 4. Ba4 d6 5. c3 g6 6. d4 Bd7 7. 0-0 Bg7 8. d5 Nb8 9. c4 Nf6 10. Nc3 0-0 11. Bc2 a5 12. Rb1 Na6 13. a3 Nh5 14. b4 axb4 15. axb4 Nf4 16. g3 Nh5 17. Nh4 Qe8 18. Ne2 Qe7 19. Re1 Rae8 20. Ba3 Qg5 21. c5 f5 22. c6 bxc6 23. dxc6 Be6 24. exf5 gxf5 25. Bb3 Bxb3 26. Qxb3+ Kh8 27. b5 Nc5 28. Bxc5 dxc5 29. b6 cxb6 30. Qxb6 f4 31. Qxc5 Qg4 32. c7 Bf6 33. Ng2 f3 34. Ne3 Qh3 35. Nc3 Bg5 36. Rb8 Bxe3 37. Qxf8+ Rxf8 38. Rxf8+ Kg7 39. Rxf3 Bd2 40. Rxe5 Bxc3 41. Rg5+ Kh6 42. Rff5 1-0

[Event "UKR-chT Clubs"]
[Site "Alushta"]
[Date "2011.05.15"]
[Round "3.4"]
[White "Pavlov, Maxim"]
[Black "Lastin, Alexander"]
[Result "1-0"]
[WhiteElo "2364"]
[BlackElo "2617"]
[PlyCount "101"]
[EventDate "2011.05.13"]
[EventType "team-tourn"]
[EventRounds "9"]
[EventCountry "UKR"]
[SourceTitle "CBM 142 Extra"]
[Source "ChessBase"]
[SourceDate "2011.06.27"]
[SourceVersion "1"]
[SourceVersionDate "2011.06.27"]
[SourceQuality "1"]
[WhiteTeam "Crimea Gaz"]
[BlackTeam "Chernigov DAN"]
[WhiteTeamCountry "UKR"]
[BlackTeamCountry "UKR"]

1. e4 c5 2. Nf3 d6 3. d4 cxd4 4. Nxd4 Nf6 5. Nc3 a6 6. f3 e5 7. Nb3 Be6 8. Be3 Be7 9. Qd2 0-0 10. 0-0-0 a5 11. a4 Nc6 12. g4 Nb4 13. g5 Nh5 14. Kb1 Rc8 15. Rg1 d5 16. exd5 Bf5 17. Na1 Bc5 18. Bb5 Nf4 19. Bxc5 Rxc5 20. Qe3 Qc8 21. Qxe5 Nfxd5 22. Nxd5 Rxd5 23. Rxd5 Bxc2+ 24. Kc1 Bxa4+ 25. Rc5 Bxb5 26. Rxc8 Nd3+ 27. Kd2 Nxe5 28. Rxf8+ Kxf8 29. Rg3 Bc6 30. f4 Ng6 31. f5 Ne7 32. f6 gxf6 33. gxf6 Ng8 34. Rg5 Nxf6 35. Rxa5 Ke7 36. Nc2 Kd6 37. Rf5 Ng4 38. Rxf7 Nxh2 39. Rxh7 Nf3+ 40. Kc3 Ne5 41. Ne3 Bd7 42. Rh6+ Be6 43. Nf5+ Kd5 44. Nd4 Bd7 45. Nc2 Bc6 46. Ne3+ Ke4 47. Re6 Kf4 48. Nc4 Nd7 49. Kd4 Kf5 50. Re1 Kf6 51. Ne5 1-0

[Event "UKR-chT Clubs"]
[Site "Alushta"]
[Date "2011.05.14"]
[Round "2.2"]
[White "Lastin, Alexander"]
[Black "Krupko, Alexey"]
[Result "1/2-1/2"]
[WhiteElo "2617"]
[BlackElo "2165"]
[PlyCount "47"]
[EventDate "2011.05.13"]
[EventType "team-tourn"]
[EventRounds "9"]
[EventCountry "UKR"]
[SourceTitle "CBM 142 Extra"]
[Source "ChessBase"]
[SourceDate "2011.06.27"]
[SourceVersion "1"]
[SourceVersionDate "2011.06.27"]
[SourceQuality "1"]
[WhiteTeam "Chernigov DAN"]
[BlackTeam "Chernigov With no mercy"]
[WhiteTeamCountry "UKR"]
[BlackTeamCountry "UKR"]

1. e4 e5 2. Nf3 Nc6 3. Bb5 a6 4. Ba4 Nf6 5. 0-0 b5 6. Bb3 Be7 7. Re1 0-0 8. a4 b4 9. d3 d6 10. Nbd2 Be6 11. a5 Rb8 12. Bc4 Qc8 13. b3 h6 14. Bb2 Nd7 15. Nf1 Bxc4 16. dxc4 Nc5 17. Ne3 Re8 18. Nd5 Bf8 19. Qd2 Qb7 20. h3 Ne7 21. Nh2 Nxd5 22. cxd5 c6 23. Nf1 cxd5 24. exd5 1/2-1/2

[Event "Elista Dordzhiev Memorial"]
[Site "Elista"]
[Date "2011.04.26"]
[Round "8"]
[White "Lastin, Alexander"]
[Black "Gevorgyan, David"]
[Result "1/2-1/2"]
[WhiteElo "2617"]
[BlackElo "2319"]
[PlyCount "40"]
[EventDate "2011.04.24"]
[EventType "tourn"]
[EventRounds "9"]
[EventCountry "RUS"]
[EventCategory "7"]
[SourceTitle "EXT 2012"]
[Source "ChessBase"]
[SourceDate "2011.11.24"]
[SourceVersion "1"]
[SourceVersionDate "2011.11.24"]
[SourceQuality "1"]

1. e4 e5 2. Nf3 Nc6 3. Bb5 Nf6 4. d3 d6 5. 0-0 g6 6. Nbd2 Bg7 7. Re1 0-0 8. c3 Bd7 9. Ba4 Qe8 10. Bb3 Kh8 11. Nf1 Nh5 12. d4 Nd8 13. Ng3 Nxg3 14. hxg3 Ne6 15. Be3 Rd8 16. Qc2 h6 17. Rad1 Kh7 18. Bc4 Qe7 19. b4 b6 20. Rd2 Bf6 1/2-1/2

[Event "RUS-ch rapid"]
[Site "Olginka"]
[Date "2011.04.26"]
[Round "8"]
[White "Lastin, Alexander"]
[Black "Nakhapetiane, Pogos"]
[Result "1-0"]
[WhiteElo "2617"]
[BlackElo "2495"]
[PlyCount "59"]
[EventDate "2011.04.25"]
[EventType "swiss (rapid)"]
[EventRounds "11"]
[EventCountry "RUS"]
[SourceTitle "CBM 141 Extra"]
[Source "ChessBase"]
[SourceDate "2011.05.03"]
[SourceVersion "1"]
[SourceVersionDate "2011.05.03"]
[SourceQuality "1"]

1. e4 e6 2. d4 d5 3. Nd2 Be7 4. Ngf3 Nf6 5. Bd3 c5 6. e5 Nfd7 7. c3 Nc6 8. 0-0 0-0 9. Re1 f5 10. exf6 Nxf6 11. Nf1 Qc7 12. Ng3 Bd7 13. Bg5 Rae8 14. Bc2 Bd6 15. Qd3 Bc8 16. a3 c4 17. Qe2 Ng4 18. b3 e5 19. bxc4 e4 20. cxd5 Bxg3 21. hxg3 exf3 22. Qxe8 Rxe8 23. Rxe8+ Kf7 24. Rae1 Nge5 25. R8xe5 Nxe5 26. dxe5 Qxc3 27. e6+ Kg8 28. Rc1 Qe5 29. Bf4 Qxd5 30. Bb3 1-0

[Event "RUS-ch rapid"]
[Site "Olginka"]
[Date "2011.04.25"]
[Round "6"]
[White "Lastin, Alexander"]
[Black "Jakovenko, Dmitrij"]
[Result "1/2-1/2"]
[WhiteElo "2617"]
[BlackElo "2718"]
[PlyCount "66"]
[EventDate "2011.04.25"]
[EventType "swiss (rapid)"]
[EventRounds "11"]
[EventCountry "RUS"]
[SourceTitle "CBM 141 Extra"]
[Source "ChessBase"]
[SourceDate "2011.05.03"]
[SourceVersion "1"]
[SourceVersionDate "2011.05.03"]
[SourceQuality "1"]

1. Nf3 c5 2. e4 Nc6 3. Nc3 g6 4. d4 cxd4 5. Nxd4 Bg7 6. Be3 Nf6 7. Bc4 0-0 8. Bb3 d6 9. f3 Bd7 10. Qd2 Nxd4 11. Bxd4 b5 12. a4 bxa4 13. Nxa4 Be6 14. Bxe6 fxe6 15. 0-0 Nd7 16. Bxg7 Kxg7 17. Kh1 Qc7 18. Nc3 Ne5 19. Ne2 Nc6 20. Nf4 Qd7 21. Nd3 e5 22. c3 Qb7 23. b4 a5 24. h3 axb4 25. Nxb4 Nxb4 26. cxb4 Rxa1 27. Rxa1 Rb8 28. Rb1 Qb5 29. Qc3 Kf7 30. Qb3+ Kf6 31. Qc3 Kf7 32. Qb3+ Kf6 33. Qc3 Kf7 1/2-1/2